000 00370nam a22001217a 4500
005 20231025133018.0
008 231025b |||||||| |||| 00| 0 eng d
082 _a347.1 HIG
245 _aHigh Court Act with all Amendment, Regulations and Rules of the High Court of Namibia
260 _c1990
650 _aLegal practice
_bLaw
942 _cBK
_6ALISON_BN_VRIES
999 _c56
_d56